000 00510nam a2200181Ia 4500
003 GCL
008 140319s9999 xx 000 0 ara d
040 _aGCL /
_cGCL
082 0 4 _a920.72
_bم ح
100 1 _aمحمود شلبى
245 1 0 _aحياة شجرة الدر /
_cمحمود شلبى
250 _aالاولى
260 _aبيروت :
_bدار الجيل ،
_c1987
300 _a168 ص ؛
_c24 سم
650 0 4 _aشجرة الدر
650 0 4 _aالنساء - تراجم
942 _2ddc
_cREF
999 _c59204
_d59204